000 00610nam a22002297a 4500
003 UA-OsUOA
001 87058
007 ta
008 20120913b un ||||| |||| 00| 0 ukr d
100 _aПавлик М.
090 _a821.161.2
_bП12
942 _cBK
040 _aUA-OsUOA
_bukr
_cUA-OsUOA
_dUA-OsUOA
245 _aПроза, публіцистика, листування
300 _a156 с.
955 _a3
041 _aukr
080 _a821.161.2
260 _aЛьвів
_bСвіт
_c1995
650 7 _a82 Література. Літературознавство
_2UDC
999 _c373362
_d373362